000 00933nam a22003017a 4500
001 5239
003 FISKH
005 20250821132151.0
008 241120b cb ||||| |||| 00| 0 eng d
020 _a9780545356398
040 _aFISKH
_beng
_cFISKH
_dFISKH
050 _aPZ7.O237
082 _a813
100 _aO'Dell, Scott
245 _aSing Down the Moon /
_cby Scott O'Dell
250 _aFirst Scholastic printing , March 2011
260 _aNew York :
_bScholastic ;
_c1970 .
300 _a137 pages :
_billustrations ;
_c20 cm .
505 _aU
520 _aA young Navajo girl recounts the events of 1864 when her tribe was forced to march to Fort Sumner as prisoners of the white soldiers.
521 8 _a820
_bLexile
521 8 _aU
_bRaz-Plus
650 _aNative Americans
_vfiction
650 _aslavery
_vfiction
650 _achapter book
_vfiction
942 _2ddc
_cBK
_n0
999 _c5239
_d5239